000 00396nam a2200157Ia 4500
008 210719s1970 xx 000 0 und d
041 _aeng
082 _a330 ROBS
100 _aROBINSON (Romney)
245 _aStudy guide to accompany samuelson economics.
250 _a8
260 _aNY
_bMcGraw hill book co.
_c1970
300 _aviii,319
_bPB
365 _cRs
650 _aEconomic Theory
999 _c212789
_d212789